Normal view
MARC view
Entry Personal Name
001 - CONTROL NUMBER
- control field: 65836
003 - CONTROL NUMBER IDENTIFIER
- control field: OSt
005 - DATE AND TIME OF LATEST TRANSACTION
- control field: 20260129103342.0
008 - FIXED-LENGTH DATA ELEMENTS
- fixed length control field: 260129|| aca||aabn | a|a d
040 ## - CATALOGING SOURCE
- Original cataloging agency: OSt
- Transcribing agency: OSt
100 ## - HEADING--PERSONAL NAME
- Personal name: Than Than Soe
- Numeration: 2013 4PhD-Hist-6
670 ## - SOURCE DATA FOUND
- Source citation: Work cat.: (OSt): Than Than Soe 2013 4PhD-Hist-6, History of Myanmar music in Mandalay( 1948-1988) /, 2013.